Unha vida chea de paisaxes (Record no. 182413)

MARC details
000 -LEADER
campo de control de longitud fija 00935nam a2200229 i 4500
001 - NÚMERO DE CONTROL
campo de control 182413
003 - IDENTIFICADOR DE NÚMERO DE CONTROL
campo de control ES-MaACL
005 - FECHA Y HORA DE LA ÚLTIMA TRANSACCIÓN
campo de control 20230906221612.0
008 - DATOS DE LONGITUD FIJA--INFORMACIÓN GENERAL
campo de control de longitud fija 130809s2002 sp | |||| ||glg
080 ## - NÚMERO DE LA CLASIFICACIÓN DECIMAL UNIVERSAL
Número de la Clasificación Decimal Universal 75 Pena, Ricardo (083.824)
100 1# - ENTRADA PRINCIPAL--NOMBRE DE PERSONA
Nombre de persona Pena, Ricardo.
9 (RLIN) 153220
245 15 - MENCIÓN DEL TÍTULO
Título Unha vida chea de paisaxes
Resto del título : exposición retrospectiva : óleos e acuarelas : Centro Cultural Torrente Ballester, Ferrol, Nadal 2002 /
Mención de responsabilidad, etc. Ricardo Pena ; [textos, Xosé M. Pena Cagigao ... et al.].
260 ## - PUBLICACIÓN, DISTRIBUCIÓN, ETC.
Lugar de publicación, distribución, etc. [A Coruña] :
Nombre del editor, distribuidor, etc. Diputación Provincial de A Coruña,
Fecha de publicación, distribución, etc. [2002]
300 ## - DESCRIPCIÓN FÍSICA
Extensión [64] p. :
Otras características físicas principalmente il. col. y n. ;
Dimensiones 30 cm.
600 14 - PUNTO DE ACCESO ADICIONAL DE MATERIA--NOMBRE DE PERSONA
Nombre de persona Pena, Ricardo-
Subdivisión de forma Exposiciones.
9 (RLIN) 153221
655 #7 - TERMINO DE INDIZACIÓN--GENERO/FORMA
Fuente del término tgfbne
9 (RLIN) 193628
Datos o término principal de género/forma Catálogos de exposiciones
700 1# - ENTRADA AGREGADA--NOMBRE PERSONAL
Nombre de persona Pena Cagigao, Xosé M.
9 (RLIN) 153222
710 21 - ENTRADA AGREGADA--NOMBRE DE ENTIDAD CORPORATIVA
Nombre de entidad corporativa o nombre de jurisdicción como elemento de entrada Centro Cultural Torrente Ballester.
9 (RLIN) 2792
852 ## - LOCALIZACIÓN
Ubicación ES-MaACL
Número de control de estantería 2323-F-25
942 ## - ELEMENTOS DE ENTRADA SECUNDARIOS (KOHA)
Fuente del sistema de clasificación o colocación Clasificación decimal universal
Holdings
Estatus retirado Estado de pérdida Estado de daño No para préstamo Colección Biblioteca de origen Biblioteca actual Ubicación en estantería Fecha de adquisición Fuente de adquisición Total de préstamos Signatura topográfica completa Código de barras Visto por última vez Precio de reemplazo Tipo de ítem Koha
        Colección de folletos Biblioteca del Ateneo de Madrid Biblioteca del Ateneo de Madrid Depósito folletos 09/08/2013     2323-F-25 1191692 23/02/2023 23/02/2023 Folleto